000 00551nam a22001937a 4500
005 20251108173123.0
008 250721s1980 xx 000 0 ara d
020 _a9960349918
082 1 4 _a216.1/حسن
100 1 _aالحسني، محمد بن علوي المالكي
_eمؤلف
245 1 0 _aالقواعد الأساسية في أصول الفقه /
250 _aط.2.
264 1 _aجدة :
_c1980.
300 _a98ص.
650 1 7 _aالفقه الإسلامي
650 1 7 _aأصول الفقه
942 _2ddc
_cBK
999 _c96501
_d96501